Calculus/ (Record no. 9652)

MARC details
000 -LEADER
fixed length control field 00652nam a22002297a 4500
003 - CONTROL NUMBER IDENTIFIER
control field OSt
005 - DATE AND TIME OF LATEST TRANSACTION
control field 20260422023721.0
008 - FIXED-LENGTH DATA ELEMENTS--GENERAL INFORMATION
fixed length control field 260422b |||||||| |||| 00| 0 eng d
020 ## - INTERNATIONAL STANDARD BOOK NUMBER
International Standard Book Number 981-412-658-6
040 ## - CATALOGING SOURCE
Original cataloging agency DWC-Main lib.
Transcribing agency OC
082 ## - DEWEY DECIMAL CLASSIFICATION NUMBER
Edition number 7th Ed.
Classification number Circ. 515 Ar88c 2002
100 ## - MAIN ENTRY--PERSONAL NAME
Personal name Anton, Howard
245 ## - TITLE STATEMENT
Title Calculus/
Statement of responsibility, etc. Howard Anton
260 ## - PUBLICATION, DISTRIBUTION, ETC.
Place of publication, distribution, etc. N.Y. :
Name of publisher, distributor, etc. John Wiley & Sons, Inc.,
Date of publication, distribution, etc. c2002.
300 ## - PHYSICAL DESCRIPTION
Extent xxiv, 1,166 p. with various pagings ;
Dimensions 26 cm.
504 ## - BIBLIOGRAPHY, ETC. NOTE
Bibliography, etc. note Includes index.
650 ## - SUBJECT ADDED ENTRY--TOPICAL TERM
Topical term or geographic name entry element 1. Calculus.
700 ## - ADDED ENTRY--PERSONAL NAME
Personal name Bivens, Irl
700 ## - ADDED ENTRY--PERSONAL NAME
Personal name Davis, Stephen
760 ## - MAIN SERIES ENTRY
Edition 7th Ed.
942 ## - ADDED ENTRY ELEMENTS (KOHA)
Source of classification or shelving scheme Dewey Decimal Classification
Koha item type Book Circulation
Edition 7th Ed.
Classification part Circ.
Suppress in OPAC No
952 ## - LOCATION AND ITEM INFORMATION (KOHA)
--
952 ## - LOCATION AND ITEM INFORMATION (KOHA)
--
Holdings
Withdrawn status Lost status Source of classification or shelving scheme Damaged status Not for loan Home library Current library Shelving location Date acquired Total Checkouts Full call number Barcode Date last seen Copy number Price effective from Koha item type Uniform Resource Identifier
    Dewey Decimal Classification     College Library College Library Circulation 04/22/2026   Circ. 515 Ar88c 2002 CL36469 04/22/2026 c1 04/22/2026 BK-CIRC
    Dewey Decimal Classification     College Library College Library Circulation 04/22/2026   Circ. 515 Ar88c 2002 CL36470 04/22/2026 c2 04/22/2026 BK-CIRC